000 00326pab a2200145 454500
008 180718b1987 xxu||||| |||| 00| 0 eng d
100 _aChaturvedi, A.K.
245 _aYouth adrift in a sick society
260 _c1987
300 _a29-30
362 _aMar.
650 _aYouth
773 _aSocial Welfare
909 _a21083
999 _c21083
_d21083